000 00533nam a22001937a 4500
003 koha_MIRAKIL
005 20231213100136.0
008 231213b |||||||| |||| 00| 0 ||| d
020 _b9-75849967-X
040 _aTR-IsEVY
_btur
_cTR-IsEVY
082 _a376 KAV/Y
100 _aKavaklı, Ali Erkan 1952-
245 0 _aYüzyılın büyük pedagojik yanlışı karma eğitim
260 _bNesil yayınları,
_c2012
300 _a215 s.
650 _aCinsiyet ayrımı -- Eğitim.
650 _aCoeducation.
942 _2ddc
_cBK
999 _c15174
_d15174